Central Library OPAC University of Rajshahi

Operations management : theory and problems / (Record no. 76081)

MARC details
000 -LEADER
fixed length control field 01042cam a2200313 i 4500
001 - CONTROL NUMBER
control field 76081
003 - CONTROL NUMBER IDENTIFIER
rucl marc code BD-RjUL
005 - DATE AND TIME OF LATEST TRANSACTION
control field 20211209082803.0
008 - FIXED-LENGTH DATA ELEMENTS--GENERAL INFORMATION
fixed length control field 190423r20172015nyua b 001 0 eng
020 ## - INTERNATIONAL STANDARD BOOK NUMBER
International Standard Book Number 0070427208 (hardback)
035 ## - SYSTEM CONTROL NUMBER
System control number (BD-RjUL)76301
040 ## - CATALOGING SOURCE
Original cataloging agency DLC
Language of cataloging eng
Transcribing agency DLC
Description conventions rda
Modifying agency DLC
-- BD-RjUL
041 ## - LANGUAGE CODE
Language code of text/sound track or separate title eng
042 ## - AUTHENTICATION CODE
Authentication code pcc
082 00 - DEWEY DECIMAL CLASSIFICATION NUMBER
Classification number 658.5
Edition number 23
Author mark and year MOO 1982
100 1# - MAIN ENTRY--PERSONAL NAME
Personal name Monks, Joseph G.
9 (RLIN) 231040
245 10 - TITLE STATEMENT
Title Operations management : theory and problems /
Statement of responsibility, etc. Joseph G. Monks
250 ## - EDITION STATEMENT
Edition statement Second edition.
260 ## - PUBLICATION, DISTRIBUTION, ETC. (IMPRINT)
Place of publication, distribution, etc. NewYork :
Name of publisher, distributor, etc. McGraw-hill book,
Date of publication, distribution, etc. c1982
264 #1 - PRODUCTION, PUBLICATION, DISTRIBUTION, MANUFACTURE, AND COPYRIGHT NOTICE
Place of production, publication, distribution, manufacture New York ;
-- Chennai :
Name of producer, publisher, distributor, manufacturer McGraw-Hill Education,
Date of production, publication, distribution, manufacture, or copyright notice c2015 [Reprinted 2017]
300 ## - PHYSICAL DESCRIPTION
Pagination xv, 725 p. :
Illustrations illustrations ;
Size 24 cm
490 0# - SERIES STATEMENT
Series statement The McGraw-Hill Series in management ;
504 ## - BIBLIOGRAPHY, ETC. NOTE
Bibliography, etc Includes bibliographical references and index.
650 #0 - SUBJECT ADDED ENTRY--TOPICAL TERM
Topical term or geographic name as entry element Production management.
9 (RLIN) 231041
Topical term or geographic name as entry element BUSINESS & ECONOMICS / Operations Research.
Source of heading or term bisacsh
9 (RLIN) 231042
942 ## - ADDED ENTRY ELEMENTS (KOHA)
Source of classification or shelving scheme Dewey Decimal Classification
Koha item type Books
Holdings
Lost status Source of classification or shelving scheme Damaged status Not for loan Collection code Permanent Location Current Location Shelving location Date acquired Source of acquisition Total Checkouts Full call number Date last seen Copy number Koha item type
  Dewey Decimal Classification   Not For Loan Non-fiction Central Library, University of Rajshahi Central Library, University of Rajshahi Reading Room 05/08/1990 Asia Foundation , Sanfrancisco, California U.S.A.   658.5 MOO 1982 21/10/2019 C-1 Books
  Dewey Decimal Classification     Non-fiction Central Library, University of Rajshahi Central Library, University of Rajshahi   05/08/1990 Asia Foundation , Sanfrancisco, California U.S.A.   658.5 MOO 1982 21/10/2019 C-2 Books